[Event "Olympiad Women 2024"]
[Site "Budapest HUN"]
[Date "2024.09.14"]
[Round "4.39"]
[Board "1"]
[White "Ortiz Verdezoto, Anahi"]
[Black "Seine, Rose Berline"]
[Result "1-0"]
[WhiteElo "2229"]
[BlackElo "1778"]
[PlyCount "83"]
[EventDate "2024.09.11"]
[WhiteTeam "Ecuador"]
[BlackTeam "Haiti"]
[WhiteTeamCountry "ECU"]
[BlackTeamCountry "HAI"]

1. d4 d5 2. c4 e6 3. Nf3 Nf6 4. g3 g6 5. Bg2 Bg7 6. O-O O-O 7. Qc2 Re8 8. Nbd2 c6 9. b3 ({RR} 9. Rd1 Nbd7 10. e4 dxe4 11. Nxe4 Nxe4 12. Qxe4 Nf6 13. Qe2 Qe7 14. b3 Bd7 15. a4 Red8 16. Ba3 Qe8 17. a5 Rac8 18. Bc5 Ra8 19. Ne5 Bf8 20. Bxf8 Kxf8 21. a6 Rab8 22. Rd3 Kg7 23. g4 h6 {1-0 Campos Jimenez,A (2385)-Ramirez Gonzalez,M (2214) Guillermo Garcia Memorial-C 28th 2019 (8)}) 9... Nbd7 10. Bb2 Nb6 11. Rfd1 Bd7 $146 ({RR} 11... Nbd7 12. Rac1 Ng4 13. e4 dxe4 14. Nxe4 Ndf6 15. Ned2 Nd7 16. h3 Nh6 17. c5 Nf6 18. Nc4 Nd5 19. Re1 Nf5 20. Rcd1 Bh6 21. Nfe5 f6 22. Ng4 Bg7 23. Re2 Qc7 24. Rde1 h5 25. Nh2 Kh7 26. Be4 {1-0 Szalko,M (1840)-Vetter,U (1454) Liberec op 18th 2018 (8)}) 12. e4 e5 13. Nxe5 Be6 14. a4 a5 15. Bc3 Nc8 16. exd5 cxd5 17. c5 Ne7 18. Ndf3 Bf5 19. Qb2 Qc8 20. b4 axb4 21. Bxb4 Nc6 22. Qb3 Nxb4 23. Qxb4 h6 24. Rdc1 Bf8 25. Qb3 Rb8 26. a5 Qc7 27. Qb6 Rec8 28. Qxf6 Be6 29. Qf4 Ra8 30. Qd2 Ra6 31. Bf1 Ra7 32. c6 b6 33. a6 Kh7 34. h4 Qd6 35. h5 g5 36. Rab1 Qc7 37. Bd3+ Kh8 38. Qb2 Rb8 39. Nd7 Bd6 40. Nxb8 Qxb8 41. Qxb6 Qa8 42. c7 1-0

[Event "Olympiad Women 2024"]
[Site "Budapest HUN"]
[Date "2024.09.14"]
[Round "4.39"]
[Board "2"]
[White "Cadeau, Merisena"]
[Black "Wagenschuetz, Evelyn"]
[Result "0-1"]
[WhiteElo "1671"]
[BlackElo "2036"]
[PlyCount "58"]
[EventDate "2024.09.11"]
[WhiteTeam "Haiti"]
[BlackTeam "Ecuador"]
[WhiteTeamCountry "HAI"]
[BlackTeamCountry "ECU"]

1. d4 Nf6 2. c4 e6 3. Nf3 d5 4. Bg5 h6 5. Bh4 Bb4+ 6. Nc3 dxc4 7. Qc2 ({RR} 7. a3 Bxc3+ 8. bxc3 c5 9. e3 cxd4 10. cxd4 Qa5+ 11. Nd2 Ne4 12. Bxc4 Bd7 13. Bd3 Bc6 14. Bxe4 Bxe4 15. O-O Bc6 16. Rc1 O-O 17. Nc4 Qd5 18. f3 Bb5 19. e4 Qh5 20. Bf2 Nc6 21. Qd2 Rfd8 {½-½ Ding,L (2805)-Karjakin,S (2750) Saint Louis Blitz 2019 (6)}) ({RR} 7. Bxf6 Qxf6 8. e4 b5 9. e5 Qg6 10. a4 Bb7 11. axb5 O-O 12. g3 Qe4+ 13. Be2 Qf5 14. O-O Nd7 15. Nh4 Qh3 16. Bf3 Bxf3 17. Qxf3 Bxc3 18. bxc3 Nb6 19. Qg2 Qxg2+ 20. Nxg2 Nd5 21. Rfc1 Rfb8 {0-1 Mikhailova,I (2169)-Bluebaum,M (2647) Titled Tue 28th May Early 2024 (3)}) 7... b5 8. e4 g5 $146 ({RR} 8... Bb7 9. Nd2 a6 10. O-O-O g5 11. Bg3 Nc6 12. Nf3 Be7 13. Be2 Nb4 14. Qb1 c5 15. dxc5 Qa5 16. a3 Nd3+ 17. Bxd3 cxd3 18. Qxd3 b4 19. axb4 Qxb4 20. Ne5 O-O 21. f3 Qxc5 22. Qc2 Rac8 23. Kb1 {1-0 Odegov,A (2286)-Rosenberg,E (2125) Titled Tuesday intern op 15th June blitz 2021 (9)}) 9. Bg3 Bb7 10. Nd2 c6 11. a3 Be7 12. Rd1 Nh5 13. Be2 Nxg3 14. hxg3 Nd7 15. Nf1 Qb6 16. Ne3 O-O-O 17. Bh5 Rdf8 18. e5 c5 19. Ne2 cxd4 20. Nxc4 bxc4 21. Qxc4+ Kb8 22. Rxd4 Nxe5 23. Qc2 Rc8 24. Qa4 Bc5 25. Rd2 Bxg2 26. Rh2 Bxf2+ 27. Kd1 Bc6 28. Qb4 Qxb4 29. axb4 Ba4+ 0-1

[Event "Olympiad Women 2024"]
[Site "Budapest HUN"]
[Date "2024.09.14"]
[Round "4.39"]
[Board "3"]
[White "Vasquez Ramirez, Rocio"]
[Black "Jonet, Davena"]
[Result "1-0"]
[WhiteElo "1981"]
[BlackElo "1659"]
[PlyCount "91"]
[EventDate "2024.09.11"]
[WhiteTeam "Ecuador"]
[BlackTeam "Haiti"]
[WhiteTeamCountry "ECU"]
[BlackTeamCountry "HAI"]

1. d4 d5 2. Nf3 Bf5 3. Bf4 e6 4. e3 Nf6 5. Bd3 Bxd3 6. Qxd3 Nc6 ({RR} 6... c5 7. Qb5+ Qd7 8. Qxd7+ Nbxd7 9. Nbd2 {½-½ Kharlov,A (2628)-Ivanov,S (2572) RUS-chT 12th 2005 (11)}) 7. a3 ({RR} 7. Ne5 Nxe5 8. Bxe5 Be7 9. Qb5+ Nd7 10. Nd2 O-O 11. b3 b6 12. O-O Bf6 13. Nf3 Bxe5 14. Nxe5 Nxe5 15. dxe5 Qg5 16. f4 Qf5 17. Qd3 Qg4 18. Rf3 Qf5 19. Rc1 Qxd3 20. cxd3 c5 21. Rf2 Rfd8 {1-0 Lestina,P (1228)-Hoang,D (1494) Prague Golden U20 op 17th 2022 (6)}) 7... Bd6 8. Bg5 $146 ({RR} 8. Bg3 O-O 9. Nbd2 Re8 10. O-O e5 11. dxe5 Bxe5 12. Nxe5 Nxe5 13. Qf5 Ng6 14. Nf3 c6 15. Qd3 Qb6 16. Rad1 Rad8 17. b4 Ne4 18. Rfe1 Nxg3 19. hxg3 Ne5 20. Nxe5 Rxe5 21. Qd4 Qxd4 22. exd4 Rxe1+ {½-½ Soukup,J (1750)-Hajek,L (1750) CSS-ch U14 Svetla nad Sazavou 1995}) ({RR} 8. Bg3 Bxg3 9. hxg3 Qe7 10. Nbd2 O-O-O 11. O-O-O h6 12. Nh2 e5 13. dxe5 Nxe5 14. Qe2 Qe6 15. Kb1 Rd6 16. Ndf3 Rb6 17. Nxe5 Qxe5 18. b3 Kb8 19. Rd4 Ne4 20. Rxe4 Qxe4 21. Qf3 Rxb3+ 22. Kc1 Qxf3 {0-1 Mayer,R (1504)-Urbach,J (1599) Heusenstamm Sparkassen op-B 3rd 2016 (7)}) 8... h6 9. Bh4 Be7 10. Nbd2 a6 11. c4 dxc4 12. Nxc4 O-O 13. O-O Nd5 14. Bg3 Nf6 15. h3 Qd5 16. Bxc7 Qb5 17. Rfd1 Rac8 18. Bd6 Rfd8 19. Bxe7 Nxe7 20. Rac1 Ned5 21. Nfe5 Nb6 22. b4 Nfd5 23. Na5 Qxd3 24. Nxd3 Rc3 25. Rxc3 Nxc3 26. Re1 Nb5 27. Nxb7 Rb8 28. Nbc5 Nxa3 29. Nxa6 Ra8 30. Ndc5 Kf8 31. Ra1 Nac4 32. b5 Ke7 33. Rc1 Rc8 34. Nb4 Na3 35. Nc6+ Kf8 36. Ne5 Ke7 37. Ra1 Ra8 38. e4 Nc2 39. Nc6+ Ke8 40. Ra6 Rxa6 41. bxa6 Na8 42. d5 exd5 43. exd5 Na3 44. d6 Nb6 45. a7 Nb5 46. a8=Q+ 1-0

[Event "Olympiad Women 2024"]
[Site "Budapest HUN"]
[Date "2024.09.14"]
[Round "4.39"]
[Board "4"]
[White "Dunat, Kineberlie"]
[Black "Guerrero Caicedo, Arlette"]
[Result "1/2-1/2"]
[WhiteElo "1582"]
[BlackElo "1868"]
[PlyCount "150"]
[EventDate "2024.09.11"]
[WhiteTeam "Haiti"]
[BlackTeam "Ecuador"]
[WhiteTeamCountry "HAI"]
[BlackTeamCountry "ECU"]

1. e4 e6 2. Nf3 d5 3. exd5 Qxd5 4. Nc3 Qd8 5. Bc4 Nf6 6. O-O Be7 7. d4 Nd5 $146 ({RR} 7... c6 8. Qe2 O-O 9. Bf4 Nd5 10. Bd2 Nd7 11. Rad1 b5 12. Bb3 a5 13. Nxd5 exd5 14. c3 Re8 15. Bc2 Nf8 16. Ne5 Bf6 17. f4 Qb6 18. Qf3 Ra7 19. Be3 Bd8 20. f5 f6 21. Ng4 Kh8 22. Nf2 {0-1 Stein,G-Grosser,W DDR-ch01 Final (DSV+DSB) 1950 (11)}) ({RR} 7... O-O 8. h3 a6 9. a4 b6 10. d5 exd5 11. Nxd5 Bb7 12. Nxe7+ Qxe7 13. Bd3 Nbd7 14. Bf4 Nd5 15. Re1 Qb4 16. Bd2 Qxb2 17. Ng5 h6 18. Nh7 Rfe8 19. Qg4 N7f6 20. Qf5 g6 21. Nxf6+ Qxf6 22. Qxf6 {0-1 Tsydypov,Z (2552)-Zhizmer,Y (2339) Titled Arena 2nd Jan blitz 2021}) ({RR} 7... O-O 8. Re1 a6 9. d5 exd5 10. Nxd5 Nxd5 11. Bxd5 Bf6 12. Ne5 Bxe5 13. Bxf7+ Kxf7 14. Qh5+ Kg8 15. Rxe5 Nc6 16. Bg5 Qd4 17. Re3 Qxb2 18. Rae1 Qxc2 19. R3e2 Qc4 20. Re4 Qf7 21. Qh4 Bf5 22. R4e3 {0-1 Khramko,L (1458)-Milovic,S (1348) 76th ch-MNE 2024 (5.26)}) ({RR} 7... O-O 8. Ne5 a6 9. a4 b6 10. Qf3 Ra7 11. Be3 Bb7 12. Qh3 Nbd7 13. f4 Nd5 14. Nxd5 exd5 15. Bd3 Nf6 16. g4 Ne4 17. g5 c5 18. Qh5 Qd6 19. Rf3 Bc8 20. f5 g6 21. fxg6 fxg6 22. Rxf8+ {½-½ Hamid,E (2197)-Ricter,J (2093) Baden-Alsace 2018 (1.10)}) 8. Nxd5 exd5 9. Bd3 Be6 10. Bf4 Nd7 11. c3 O-O 12. Qc2 Nf6 13. Ng5 h6 14. Nxe6 fxe6 15. Qe2 Qd7 16. Rfe1 Ne4 17. Bxe4 Rxf4 18. Bf3 Rf6 19. Bg4 Kf7 20. Rad1 Re8 21. a3 c5 22. Rd3 Bd6 23. Rf3 cxd4 24. Rxf6+ Kxf6 25. Qf3+ Ke7 26. cxd4 Kd8 27. g3 Bc7 28. Bh5 Rg8 29. Qf7 Qxf7 30. Bxf7 Rf8 31. Bxe6 Re8 32. Kf1 Bb6 33. Bxd5 Rxe1+ 34. Kxe1 Bxd4 35. b3 Kc7 36. Ke2 b6 37. f3 a5 38. a4 Kd6 39. Bg8 Ke5 40. h3 Bc5 41. f4+ Kf6 42. Kf3 Bd4 43. g4 Bc3 44. Ke4 Be1 45. Bc4 Bd2 46. h4 Be1 47. g5+ hxg5 48. hxg5+ Ke7 49. Kf5 Bc3 50. Kg6 Kf8 51. f5 Bd4 52. f6 gxf6 53. gxf6 Bc5 54. f7 Bd4 55. Kf5 Bc5 56. Ke6 Be3 57. Kd6 Bc5+ 58. Kc6 Be3 59. Kb5 Bf2 60. Kc6 Be3 61. Kb5 Bf2 62. Be6 Be3 63. Kc4 Bf2 64. Kc3 Be3 65. Kd3 Bf2 66. Kc4 Be3 67. Bd5 Bf2 68. b4 axb4 69. Kxb4 Be3 70. Kb5 Bf2 71. a5 bxa5 72. Kxa5 Be3 73. Kb5 Bf2 74. Kc6 Be3 75. Kd7 Bf4 1/2-1/2

[Event "Olympiad Women 2024"]
[Site "Budapest HUN"]
[Date "2024.09.14"]
[Round "4.40"]
[Board "1"]
[White "Fabra, Nahiara"]
[Black "Rivera, Ingris"]
[Result "0-1"]
[WhiteElo "1932"]
[BlackElo "2171"]
[PlyCount "82"]
[EventDate "2024.09.11"]
[WhiteTeam "Uruguay"]
[BlackTeam "Colombia"]
[WhiteTeamCountry "URU"]
[BlackTeamCountry "COL"]

1. e4 d6 2. d4 Nf6 3. Nc3 g6 4. f4 Bg7 5. Nf3 O-O 6. Bd3 c5 7. dxc5 dxc5 8. O-O Nc6 9. e5 Nd5 10. Ne4 Bf5 11. c3 c4 12. Bc2 Qb6+ 13. Kh1 Ne3 14. Bxe3 Qxe3 15. Qc1 $146 ({RR} 15. Nfd2 b5 16. Rf3 Qb6 17. Qe1 Rfd8 18. Nf1 f6 19. Ne3 fxe5 20. Nxf5 gxf5 21. Ng5 e4 22. Bxe4 fxe4 23. Qxe4 Rd6 24. Qxh7+ Kf8 25. f5 Ne5 26. Rg3 Nd3 27. Ne4 Ke8 28. Rxg7 Kd7 29. Rf1 Nf2+ {1-0 Rodriguez Vargas,O-Betancort Curbelo,J (2360) Lanzarote 4th 1976 (8)}) 15... Qb6 16. Nh4 Bc8 17. Nd2 Be6 18. Ndf3 Bh6 19. Rb1 Rad8 20. Ng1 Nxe5 21. Qe1 Nd3 22. Qg3 Qc7 23. Ne2 Bg7 24. Rfd1 Nc5 25. Nf3 Bd5 26. Ned4 Be4 27. Ne5 Bxc2 28. Nxc2 Ne6 29. Re1 Rd2 30. Ne3 b5 31. N3g4 Rfd8 32. Nf3 R2d5 33. Nge5 Nc5 34. Nd4 a6 35. Qe3 Nd3 36. Re2 Nxf4 37. Qxf4 Bxe5 38. Qe4 Bxd4 39. cxd4 Rxd4 40. Qxe7 Rd1+ 41. Re1 Qxe7 0-1

[Event "Olympiad Women 2024"]
[Site "Budapest HUN"]
[Date "2024.09.14"]
[Round "4.40"]
[Board "2"]
[White "Argote Heredia, Valentina"]
[Black "Silva Rosas, Natalia"]
[Result "1-0"]
[WhiteElo "2144"]
[BlackElo "1868"]
[PlyCount "89"]
[EventDate "2024.09.11"]
[WhiteTeam "Colombia"]
[BlackTeam "Uruguay"]
[WhiteTeamCountry "COL"]
[BlackTeamCountry "URU"]

1. e4 d5 2. exd5 Qxd5 3. Nc3 Qd6 4. d4 c6 5. Nf3 Bg4 6. Bc4 e6 7. Be3 Nf6 8. h3 Bh5 9. g4 Bg6 10. Bb3 Nbd7 11. Qe2 Qc7 12. O-O-O O-O-O 13. Ne5 Nb6 14. h4 Be4 $146 ({RR} 14... Bd6 15. h5 Be4 16. Nxe4 Nxe4 17. Bf4 Nf6 18. Bg5 h6 19. Bxf6 gxf6 20. Nxf7 Bf4+ 21. Kb1 e5 22. Nxd8 Rxd8 23. dxe5 fxe5 24. Rxd8+ Qxd8 25. Rd1 Qe7 26. Qe4 Kc7 27. a4 Nd7 28. a5 a6 29. f3 {1-0 Kralevski,A (2119)-Petrovska,K (1950) Skopje op 2019 (7)}) 15. Nxe4 Nxe4 16. Bf4 Nf6 17. Ng6 Bd6 18. Bxd6 Qxd6 19. Nxh8 Rxh8 20. g5 Ne8 21. Qe5 Nd7 22. Qe4 Nc7 23. f4 Qb4 24. c3 Qa5 25. Rhf1 Nb5 26. Kb1 Nd6 27. Qd3 Nf5 28. h5 Rd8 29. Qf3 g6 30. hxg6 hxg6 31. Rh1 Nb6 32. Rh7 Rd7 33. Qe4 Kc7 34. Qe5+ Qxe5 35. dxe5 Re7 36. Bc2 Ne3 37. Rd4 Nxc2 38. Kxc2 c5 39. Rd3 Nd5 40. f5 c4 41. Rxd5 exd5 42. fxg6 Rxe5 43. gxf7 Re2+ 44. Kd1 Re7 45. g6 1-0

[Event "Olympiad Women 2024"]
[Site "Budapest HUN"]
[Date "2024.09.14"]
[Round "4.40"]
[Board "3"]
[White "Cardozo, Camila"]
[Black "Chirivi C, Jenny Astrid"]
[Result "0-1"]
[WhiteElo "1673"]
[BlackElo "2120"]
[PlyCount "52"]
[EventDate "2024.09.11"]
[WhiteTeam "Uruguay"]
[BlackTeam "Colombia"]
[WhiteTeamCountry "URU"]
[BlackTeamCountry "COL"]

1. d4 d5 2. Bf4 Nf6 3. e3 g6 4. Nf3 Bg7 5. h4 c5 6. c3 Nc6 7. Nbd2 Qb6 8. Qc2 $146 ({RR} 8. b3 Bg4 9. Be2 O-O 10. Ne5 Bxe2 11. Qxe2 h5 12. O-O Nxe5 13. Bxe5 Rac8 14. Rac1 Rfd8 15. c4 cxd4 16. exd4 Qe6 17. Rfe1 dxc4 18. bxc4 Ng4 19. Bxg7 Qxe2 20. Rxe2 Kxg7 21. Nb3 b5 22. Rec2 bxc4 {½-½ Prohaszka,P (2552)-Tang,Z (2212) Titled Tue 13th Aug Early 2024 (3)}) 8... c4 9. b3 Bf5 10. Qc1 cxb3 11. axb3 O-O 12. Be2 Rfc8 13. Qb2 Nd7 14. c4 Nb4 15. O-O Nd3 16. Bxd3 Bxd3 17. Rfc1 dxc4 18. Ne1 e5 19. Nxd3 cxd3 20. dxe5 Qe6 21. Rxc8+ Rxc8 22. Nc4 b5 23. Na3 Nxe5 24. Qb1 d2 25. Nc2 Nd3 26. Rxa7 Nc1 0-1

[Event "Olympiad Women 2024"]
[Site "Budapest HUN"]
[Date "2024.09.14"]
[Round "4.40"]
[Board "4"]
[White "Lopez Rayo, Isabella"]
[Black "Altesor, Caterina"]
[Result "1-0"]
[WhiteElo "1952"]
[BlackElo "1741"]
[PlyCount "107"]
[EventDate "2024.09.11"]
[WhiteTeam "Colombia"]
[BlackTeam "Uruguay"]
[WhiteTeamCountry "COL"]
[BlackTeamCountry "URU"]

1. e4 e5 2. Nf3 Nc6 3. Bb5 Nf6 4. O-O d6 5. d4 exd4 6. Nxd4 Bd7 7. Nxc6 bxc6 8. Bd3 Be7 9. Nc3 O-O 10. h3 Qc8 ({RR} 10... Re8 11. Re1 Bf8 12. Bf4 {½-½ Varga,Z (2479)-Chirila,I (2425) Timisoara GM 2008 (8)}) ({RR} 10... Re8 11. f4 Bf8 12. Qf3 c5 13. b3 Bc6 14. Bb2 Rb8 15. Rae1 g6 16. Nd5 Bg7 17. Bxf6 Bxf6 18. Bc4 Bxd5 19. Bxd5 Bd4+ 20. Kh1 Qh4 21. f5 g5 22. f6 Be5 23. Re3 c6 24. Bxc6 Re6 25. Bd7 {½-½ Wafa,H (2396)-Pinto,D (2265) Titled Tue 18th Jun Late 2024 (8)}) 11. Qf3 Re8 12. Re1 Be6 $146 ({RR} 12... Qb7 13. b3 Be6 14. Bb2 Nd7 15. Qg3 Ne5 16. Bf1 f6 17. f4 Nd7 18. Ne2 Bf7 19. Nd4 Bf8 20. Re3 Kh8 21. Rae1 Bg6 22. Qg4 Nc5 23. e5 dxe5 24. fxe5 fxe5 25. Rxe5 Rxe5 26. Rxe5 Na4 27. Ba1 {½-½ Oguguamakwa,C-Adzua,G Abuja Positive Minds op 2015 (1)}) 13. Bg5 h6 14. Bd2 Rb8 15. b3 Nh7 16. Qg3 Bg5 17. f4 Bf6 18. e5 dxe5 19. fxe5 Bg5 20. Bxh7+ Kxh7 21. Bxg5 hxg5 22. Qxg5 Bf5 23. Qf4 Qe6 24. Ne4 Qg6 25. Ng5+ Kg8 26. c3 f6 27. exf6 gxf6 28. Nf3 Bxh3 29. Nh4 Qg5 30. Qxg5+ fxg5 31. Nf3 Bf5 32. Nxg5 Kg7 33. Nf3 Be4 34. Nd2 Bf5 35. Nc4 Be4 36. Rad1 Bd5 37. Ne3 Rbd8 38. Nxd5 Rxd5 39. Rxe8 Rxd1+ 40. Kh2 Rd2 41. Re7+ Kf6 42. Rxc7 Rxa2 43. Rxc6+ Ke5 44. b4 Ke4 45. b5 Rc2 46. c4 Kd4 47. Rc7 Rxc4 48. Rxc4+ Kxc4 49. g4 Kxb5 50. g5 a5 51. g6 a4 52. g7 a3 53. g8=Q Kb4 54. Qa2 1-0

[Event "Olympiad Women 2024"]
[Site "Budapest HUN"]
[Date "2024.09.14"]
[Round "4.41"]
[Board "1"]
[White "Corrales Jimenez, Zenia"]
[Black "Ghitza, Elena"]
[Result "1-0"]
[WhiteElo "2170"]
[BlackElo "1817"]
[PlyCount "83"]
[EventDate "2024.09.11"]
[WhiteTeam "Mexico"]
[BlackTeam "Malta"]
[WhiteTeamCountry "MEX"]
[BlackTeamCountry "MLT"]

1. e4 {Yudasin,Leonid} d6 2. d4 Nf6 3. Nc3 g6 4. Be3 Bg7 5. Qd2 Ng4 6. Bg5 h6 7. Bh4 a6 ({RR} 7... Nf6 8. f4 b6 ({RR} 8... c6 9. e5 dxe5 10. fxe5 Nd5 11. O-O-O) 9. O-O-O ({RR} 9. e5 dxe5 10. fxe5 Nd5 11. Nxd5 Qxd5 12. Be2 Nc6 13. Bf3 Qd7) 9... Bb7 10. e5 dxe5 11. fxe5 Nd5 12. Nf3 O-O 13. Bc4 Qd7 ({RR} 13... Nxc3 14. Qxc3) ({RR} 13... c6 14. Rhe1) 14. Rhe1 e6 ({RR} 14... Nxc3 15. Qxc3 ({RR} 15. e6) 15... e6) 15. Ne4 Qc6 ({RR} 15... Nc6 16. Nf6+ Bxf6 17. exf6 Kh7 18. Ne5 Nxe5 19. Rxe5) 16. Bxd5 ({RR} 16. Bb3) 16... exd5 ({RR} 16... Qxd5 17. Nf6+ Bxf6 18. Bxf6 Kh7 19. Ng5+ Kg8 20. Ne4 Kh7 21. Be7 Qxa2 22. Nf6+ Kg7 23. Bxf8+ Kxf8 24. Qxh6+ Ke7 25. Qh4) 17. Nf6+ Kh8 18. Bg5 Nd7 ({RR} 18... hxg5 19. Qxg5 Bxf6 20. exf6 Kg8 21. Ne5 Qd6 22. Nxg6) 19. Nxd7 Qxd7 20. Bxh6 c5 21. Qg5 ({RR} 21. Qf4) 21... Qd8 ({RR} 21... Qf5 22. Bxg7+ Kxg7 23. Qxf5) 22. Qf4 {1-0 Short,N (2660)-Beliavsky,A (2710) FIDE-Wch k.o. 1997 (4.4)}) ({RR} 7... Nc6 8. Nf3 Nf6 9. h3 Nh5 10. g4 g5) 8. f4 $146 ({RR} 8. O-O-O b5 9. h3 Nf6 10. e5 dxe5 11. dxe5 Qxd2+ 12. Rxd2 Ng8 13. f4 g5 14. Nd5 Ra7 15. Bf2 Rb7 16. g3 e6 17. Nc3 Bd7 18. Bg2 Bc6 19. Nf3 Ne7 20. Rhd1 Bd5 21. Bc5 c6 22. Ne4 O-O {1-0 Kudla,R (2008)-Mohyla,T (2088) CZE-chT2F 1213 2012 (1.58)}) ({RR} 8. h3 Nf6 9. f4 b5 10. Bd3 b4 11. Nce2 c5 12. e5 Nd5 13. O-O-O cxd4 14. Be4 dxe5 15. fxe5 Nc6 16. Nf3 Bf5 17. Bxf5 gxf5 18. Nexd4 Nxd4 19. Qxd4 Nb6 20. Qc5 Nd7 21. Qd5 Rc8 22. e6 fxe6 {1-0 Michelle Catherina,P (2164)-Savitha,S (2363) Swiss Queens Wed #8 2024 (10.50)}) ({RR} 8. h3 Nf6 9. O-O-O b5 10. Qe3 Bb7 11. e5 Nd5 12. Nxd5 Bxd5 13. Kb1 dxe5 14. dxe5 g5 15. Bg3 e6 16. Qe1 c5 17. f4 Nc6 18. Nf3 gxf4 19. Bxf4 Qa5 20. Qxa5 Nxa5 21. Be2 Nc6 22. Rhe1 Rd8 {1-0 Herlan,K (1895)-Ulusoy,T (1993) Mittelfranken Mitte-ch 1213 2013 (3)}) 8... b5 9. Nd5 Nc6 10. Nf3 Nf6 11. Qe3 Bb7 12. Bxf6 Bxf6 13. Nxf6+ exf6 14. O-O-O Qe7 15. d5 Nb8 16. Qd4 Nd7 17. Bd3 O-O-O 18. a4 c6 19. dxc6 Bxc6 20. Qa7 Bb7 21. axb5 axb5 22. Nd4 Nc5 23. Nc6 Qc7 24. Nxd8 Kxd8 25. e5 fxe5 26. fxe5 d5 27. Qa3 Ke7 28. Kd2 Ra8 29. Qc3 Qb6 30. Ke2 Rc8 31. Qb4 Bc6 32. Rhf1 Ke8 33. Qf4 Qc7 34. Qf6 Qd7 35. Qh8+ Ke7 36. Rxf7+ Kxf7 37. Rf1+ Qf5 38. Rxf5+ gxf5 39. Qxc8 Ne6 40. Bxf5 Nd4+ 41. Kd3 Nxf5 42. Qxf5+ 1-0

[Event "Olympiad Women 2024"]
[Site "Budapest HUN"]
[Date "2024.09.14"]
[Round "4.41"]
[Board "2"]
[White "Thornton, Filipina"]
[Black "Miranda Rodriguez, Tania"]
[Result "0-1"]
[WhiteElo "1768"]
[BlackElo "2090"]
[PlyCount "144"]
[EventDate "2024.09.11"]
[WhiteTeam "Malta"]
[BlackTeam "Mexico"]
[WhiteTeamCountry "MLT"]
[BlackTeamCountry "MEX"]

1. d4 {ChessBase} Nf6 2. c4 e6 3. Nc3 Bb4 4. e3 O-O 5. Bd3 d5 6. a3 Bxc3+ 7. bxc3 c5 8. Ne2 b6 9. cxd5 exd5 10. O-O Ba6 11. Bc2 ({RR} 11. f3) ({RR} 11. dxc5 bxc5 12. Bxa6 Nxa6 13. c4 dxc4 14. Bb2 Ne4 15. Qa4 Qd2 16. Bxg7 Kxg7 17. Qxc4 Rad8 18. Nf4 Rfe8 19. Qxa6 Qd6 20. Qxa7 Qe5 21. Rac1 Rd2 22. f3 Nc3 23. Rce1 Rb8 24. Kh1 Rbb2 {½-½ Jobava,B (2715)-Naiditsch,A (2686) Poikovsky Karpov 11th 2010 (8)}) 11... Qc7 $146 ({RR} 11... Nc6 12. Re1 ({RR} 12. f3) 12... Re8 13. f3 Rc8 14. dxc5 ({RR} 14. Ng3 cxd4 15. cxd4 Nxd4 16. Bxh7+ Nxh7 17. Qxd4 Rc4 18. Qb2) 14... bxc5 15. Ng3 d4 16. exd4 cxd4 17. Rxe8+ Qxe8 18. cxd4 Nxd4 19. Ba4 ({RR} 19. Bd3 Bxd3 20. Qxd3 Qe1+ 21. Qf1 Qxf1+ 22. Kxf1 Nb3) 19... Qe5 20. Rb1 Nd5 21. Bb2 Nc3 22. Bxc3 Rxc3 23. Kh1 ({RR} 23. Ne4) 23... h5 24. Bd7 Rd3 ({RR} 24... h4 25. Nf1 ({RR} 25. Ne4 Be2) 25... Ne2 26. Bh3 Bd3 27. Ra1 Nf4) 25. Qa4 Bb7 26. Ne4 {0-1 Stahlberg,G-Keres,P Bad Nauheim Olympia Trainingsturnier 1936 (9)} ({RR} 26. Qc4 Rxa3 ({RR} 26... Re3 27. Rxb7 Re1+ 28. Nf1 Ne2 29. Qc8+ Kh7 30. Bf5+ Kh6 31. Qh8+ Kg5 32. h4+ Kf4 33. Rb4+ Kxf5 34. Qxh5+ Kf6 35. Qxe5+ Kxe5 36. Kh2) ({RR} 26... Rb3 27. Rxb3 Nxb3) 27. Rxb7 Ra1+ 28. Nf1 Qd5 ({RR} 28... Ne2 29. Qc8+ Kh7 30. Bf5+) 29. Rb8+ Kh7 30. Qd3+ g6 31. g4 Qxd7)) ({RR} 11... Nc6 12. f3 Re8 13. Re1 Rc8 14. Ra2 Na5 15. Ng3 cxd4 16. cxd4 Qc7 17. e4 dxe4 18. fxe4 Rcd8 19. e5 Qc4 20. exf6 Qxa2 21. Rxe8+ Rxe8 22. Nf5 Qe6 23. Ne7+ Kh8 24. fxg7+ Kxg7 25. Nf5+ Kh8 26. Be3 {0-1 Ambartsumova,K (2404)-Radzimski,A (2038) Titled Tue 23rd Jul Early 2024 (6)}) ({RR} 11... Nc6 12. Re1 Re8 13. f3 Qc7 14. Ng3 Rad8 15. Ba4 Re6 16. Nh1 Na5 17. Nf2 Rc8 18. Rb1 Bb7 19. Nd3 Re7 20. dxc5 bxc5 21. Rb5 Nd7 22. Nf4 Nf6 23. Nd3 c4 24. Rc5 Qb6 25. Rxc8+ Bxc8 26. Nb4 {½-½ Situru,N (2377)-Stefansson,H (2566) Olympiad-35 Bled 2002 (6.1)}) 12. Re1 Nc6 13. Ng3 Rfd8 14. Bd2 Na5 15. e4 dxe4 16. Bg5 Bb7 17. Bxf6 gxf6 18. Qg4+ Kh8 19. Qf5 Rd6 20. Nxe4 Qc6 21. f3 Rd5 22. Qh3 f5 23. Ng5 Qg6 24. f4 cxd4 25. Re7 Rf8 26. Rae1 d3 27. Bxd3 Rxd3 28. Qxd3 h6 29. Qh3 Kg8 30. Nf3 Be4 31. Ne5 Qd6 32. Rd7 Qc5+ 33. Kh1 Qf2 34. Qg3+ Qxg3 35. hxg3 f6 36. Ng4 h5 37. Nf2 Re8 38. Nxe4 fxe4 39. Rxa7 f5 40. Rd1 e3 41. Re1 Nc4 42. Rd7 Ra8 43. Ra1 Nd2 44. Rb7 Ne4 45. Kh2 e2 46. Rxb6 Rxa3 47. Rbb1 Rxc3 48. Rb7 Rc8 49. Rb2 Nc3 50. Kg1 Rd8 51. Re1 Rd3 52. Rb3 Rd8 53. Rb2 Rd3 54. Rb3 Rxg3 55. Kf2 Ne4+ 56. Kxe2 Rxb3 57. Ra1 Rb2+ 58. Kf3 Rf2+ 59. Ke3 Rxg2 60. Ra5 Nd6 61. Rd5 Rg6 62. Kf3 Kf7 63. Rd1 h4 64. Rh1 Rg3+ 65. Ke2 h3 66. Kf1 Kg6 67. Rg1 Rxg1+ 68. Kxg1 Kh5 69. Kh2 Kg4 70. Kh1 Kg3 71. Kg1 Ne4 72. Kh1 Nf2+ 0-1

[Event "Olympiad Women 2024"]
[Site "Budapest HUN"]
[Date "2024.09.14"]
[Round "4.41"]
[Board "3"]
[White "Padilla Garcia, Cecilia Xasive"]
[Black "Farrugia, Jamie"]
[Result "1-0"]
[WhiteElo "1954"]
[BlackElo "1733"]
[PlyCount "115"]
[EventDate "2024.09.11"]
[WhiteTeam "Mexico"]
[BlackTeam "Malta"]
[WhiteTeamCountry "MEX"]
[BlackTeamCountry "MLT"]

1. e4 e5 2. Nf3 Nc6 3. Nc3 Bc5 4. Nxe5 Nxe5 5. d4 Bxd4 6. Qxd4 d6 7. Be2 Nf6 8. Bg5 h6 9. Bh4 g5 10. Bg3 Nc6 $146 ({RR} 10... Qe7 11. O-O-O Nc6 12. Bb5 Bd7 13. Bxc6 Bxc6 14. e5 dxe5 15. Bxe5 Nd7 16. Bxh8 O-O-O 17. Rhe1 Qf8 18. Bf6 Nxf6 19. Qxf6 Rxd1+ 20. Rxd1 Bxg2 21. Qf5+ Kb8 22. f3 Qe8 23. Qe5 Qf8 24. Rd7 Qc8 25. Qe7 {1-0 Ankerst,M (2105)-Zupanc,M (1692) SLO-chT1 (Women) 2006 (1)}) ({RR} 10... Qe7 11. O-O-O Rg8 12. h4 a6 13. hxg5 hxg5 14. Rh6 Ng6 15. Bh5 Be6 16. Bxg6 fxg6 17. Rhh1 Nd7 18. Nd5 Bxd5 19. Qxd5 O-O-O 20. Rhe1 Ne5 21. Re3 Rge8 22. Rb3 Nc6 23. Re1 g4 24. Bf4 Qe6 25. Qg5 {½-½ Novotny,V (2075)-Buchcar,T (2101) Liberec Metalmex op 2010 (8)}) 11. Bb5 Bd7 12. Bxc6 Bxc6 13. e5 dxe5 14. Qxe5+ Qe7 15. O-O Rf8 16. Rfe1 Qxe5 17. Bxe5 O-O-O 18. Bxf6 Rd2 19. Re2 Rxe2 20. Nxe2 g4 21. Nd4 Bd7 22. Bg7 Re8 23. Bxh6 c5 24. Nb3 b6 25. Be3 Bb5 26. a4 Bc4 27. a5 Rd8 28. axb6 axb6 29. Ra8+ Kd7 30. Rxd8+ Kxd8 31. Nd2 Bd5 32. f3 f5 33. fxg4 fxg4 34. Kf2 Ke7 35. Kg3 Be6 36. Ne4 Bf5 37. Kf4 Ke6 38. c3 Bg6 39. b4 cxb4 40. cxb4 Kd5 41. Nf6+ Kc6 42. Kxg4 b5 43. h4 Kd6 44. h5 Bd3 45. h6 Ke7 46. h7 Bxh7 47. Nxh7 Kf7 48. Kf5 Kg7 49. Nf6 Kf7 50. g4 Kg7 51. g5 Kf7 52. g6+ Kg7 53. Ne8+ Kf8 54. Nd6 Kg7 55. Bd4+ Kg8 56. Kf6 Kf8 57. Nf5 Kg8 58. Nh6+ 1-0